Vision and difference: (Record no. 179260)

MARC details
000 -LEADER
fixed length control field 00686nam a22002057a 4500
005 - DATE AND TIME OF LATEST TRANSACTION
control field 20210603153952.0
010 ## - LCCN (DPL NO)
LC control number B-739968
020 ## - INTERNATIONAL STANDARD BOOK NUMBER
International Standard Book Number 9780415308502
Terms of availability 325.00
035 ## - SYSTEM CONTROL NUMBER
System control number B-739968
037 ## - SOURCE OF ACQUISITION
Source of stock number/acquisition Gift
082 ## - DEWEY DECIMAL CLASSIFICATION NUMBER
Classification number 305.42
100 ## - MAIN ENTRY--PERSONAL NAME
Personal name Pollock, Griselda
245 ## - TITLE STATEMENT
Title Vision and difference:
Remainder of title femininity, feminism, and histories of art /
Statement of responsibility, etc by Griselda Pollock
260 ## - PUBLICATION, DISTRIBUTION, ETC. (IMPRINT)
Place of publication, distribution, etc London
Name of publisher, distributor, etc Routledge
Date of publication, distribution, etc 2006
270 ## - ADDRESS
Address 11 New Fetter Lane,
City London
300 ## - PHYSICAL DESCRIPTION
Extent xxxviii, 320p.:
Other physical details ill.
Dimensions 20cm(pbk)
500 ## - GENERAL NOTE
General note includes bibliographical references and index
942 ## - ADDED ENTRY ELEMENTS (KOHA)
Source of classification or shelving scheme Dewey Decimal Classification
Item type English Books
Classification part 305.42
Call number suffix POL
Holdings
Withdrawn status Lost status Not for loan Collection code Home library Current library Date acquired Source of acquisition Cost, normal purchase price Full call number Barcode Copy number Cost, replacement price Koha item type Public note
      Non-fiction Ashok Vihar Ashok Vihar 03/06/2021 Gift/Eng/03-05-2021 325.00 305.42 POL B-739968 1 325.00 English Books Gift

© Delhi Public Library
Hit Counter
free hit counter